Statistical graphics for univariate and bivariate data

Saved in:
Bibliographic Details
Main Author: Jacoby, William G.
Format: Book
Language:English
Published: London : Sage Publications, c1997
Series:Sage university papers series. Quantitative applications in the social sciences ; ; 117
Subjects:
Tags: Add Tag
No Tags, Be the first to tag this record!

MARC

LEADER 00000nam a2200000 i 4500
001 1/18374
008 981015s1997 eng d
020 |a 0-7619-0083-7 
035 |l 10020892 
040 |a GR-MY-UA  |b gre  |e aacr 
041 0 |a eng 
082 0 |a 001.4226 
100 1 |a Jacoby, William G. 
245 1 0 |a Statistical graphics for univariate and bivariate data /  |c William G. Jacoby 
260 |a London :   |b Sage Publications,   |c c1997 
300 |a 97 p.  |b fig. 
490 1 |a Sage university papers series. Quantitative applications in the social sciences  |v ; 117 
490 1 |a Quantitative Applications in the Social Sciences series; Basic Statistics 
504 |a Includes bibliographical references 
650 0 0 |a Statistics  |x Graphic methods. 
830 0 |a Sage university papers series. Quantitative applications in the social sciences ;  |v ; 117 
852 |a INST  |b LESVOS  |e 19981015  |h 001.4226 JAC  |p 005100018315  |q 005100018315  |t BK  |y 0 
901 |a BIBL-1999-1 
909 |a Λ  |b 059541 
922 |a 1ΕΛΗ  |b 199809  |c ΚΠΣ/ΤΓ  |d ΠΑΠΑΣΩΤΗΡΙΟΥ 
950 |a 118-1998-07-23